000 00563nam a2200229Ia 4500
003 OSt
005 20220924153331.0
006 a|||||r|||| 00| 0
007 ta
008 220923b |||||||| |||| 00| 0 guj d
024 _a347948
037 _cTextual
040 _aARTS
_cARTS
_bguj
041 _2guj
_aguj
082 _aQ25:23x, 156J4
100 _aRai Himmat
_9228553
245 0 _aParsanm hardey tarang
260 _c1954
650 _aRELIGION
942 _hQ25:23x, 156J4
_cTEXL
_2CC
999 _c473195
_d473195